000 00246nam a2200097Ia 4500
005 20251222114351.0
008 251222s1900||||xx |||||||||||||| ||spa||
082 _aDVD0093/E48/2002
245 0 _aEmbarazo: video tutoriales de enseƱanza:
942 _cDVD
999 _c1247
_d1247